[Event "SVK-chT2B 2223"]
[Site "Slovakia"]
[Date "2023.02.11"]
[Round "8.7"]
[White "Laho, Lukas"]
[Black "Mego, Peter"]
[Result "1-0"]
[WhiteElo "1933"]
[BlackElo "1723"]
[PlyCount "109"]
[EventDate "2022.10.08"]
[EventType "team-tourn"]
[EventRounds "11"]
[EventCountry "SVK"]
[SourceTitle "EXT 2024"]
[Source "ChessBase"]
[SourceDate "2023.10.10"]
[SourceVersion "1"]
[SourceVersionDate "2023.10.10"]
[SourceQuality "1"]
[WhiteTeam "Surany"]
[BlackTeam "Povazske Podhradie"]
[WhiteTeamCountry "SVK"]
[BlackTeamCountry "SVK"]

1. d4 d5 2. Nf3 Nf6 3. e3 c6 4. Bd3 g6 5. b3 Bg7 6. Nbd2 Nbd7 7. Bb2 0-0 8. 0-0 Re8 9. h3 e6 10. c4 a6 11. Rc1 Nf8 12. Ne5 N6d7 13. f4 f6 14. Nxd7 Nxd7 15. e4 Nb6 16. cxd5 exd5 17. e5 f5 18. Nf3 Be6 19. Bc3 Nd7 20. Bb4 Bf8 21. Bxf8 Nxf8 22. Qc2 Qe7 23. Qc5 Bd7 24. Qxe7 Rxe7 25. a4 Ne6 26. g3 Rc8 27. Rc2 Be8 28. Rfc1 Rec7 29. b4 c5 30. bxc5 Bxa4 31. Ra2 Bc6 32. Rb1 Kf7 33. Kf2 h6 34. Ke3 Re7 35. g4 Ng7 36. Nh4 g5 37. Nxf5 gxf4+ 38. Kxf4 Nxf5 39. gxf5 Rg8 40. Kf3 Ree8 41. Rg2 Rxg2 42. Kxg2 Rg8+ 43. Kf2 Rg5 44. Kf3 h5 45. Rb2 Rg1 46. Rg2 Rxg2 47. Kxg2 a5 48. Kf3 a4 49. Kf4 a3 50. Bb1 Bb5 51. Kg5 Bd3 52. e6+ Ke8 53. Bxd3 a2 54. f6 a1Q 55. Bg6+ 1-0

[Event "SVK-chT2B 1920"]
[Site "Slovakia"]
[Date "2020.03.08"]
[Round "11.7"]
[White "Mego, Peter"]
[Black "Bencok, Ladislav"]
[Result "1/2-1/2"]
[WhiteElo "1730"]
[BlackElo "1896"]
[PlyCount "33"]
[EventDate "2019.10.26"]
[EventType "team-tourn"]
[EventRounds "11"]
[EventCountry "SVK"]
[SourceTitle "CBM 195 Extra"]
[Source "ChessBase"]
[SourceDate "2020.05.31"]
[SourceVersion "1"]
[SourceVersionDate "2020.05.31"]
[SourceQuality "1"]
[WhiteTeam "Povazske Podhradie"]
[BlackTeam "Levice"]
[WhiteTeamCountry "SVK"]
[BlackTeamCountry "SVK"]

1. d4 d5 2. Nf3 Nf6 3. c3 Bf5 4. g3 e6 5. Bg2 h6 6. Nbd2 Nbd7 7. 0-0 Be7 8. Re1 0-0 9. Nb3 Ne4 10. Nfd2 c5 11. Nxe4 dxe4 12. Be3 cxd4 13. Nxd4 Bh7 14. Qb3 Nc5 15. Qc2 e5 16. Nb3 Nxb3 17. Qxb3 1/2-1/2

[Event "SVK-chT2B 1920"]
[Site "Slovakia"]
[Date "2020.03.07"]
[Round "10.7"]
[White "Pereszlenyi, Gejza"]
[Black "Mego, Peter"]
[Result "1-0"]
[WhiteElo "1906"]
[BlackElo "1730"]
[PlyCount "69"]
[EventDate "2019.10.26"]
[EventType "team-tourn"]
[EventRounds "11"]
[EventCountry "SVK"]
[SourceTitle "CBM 195 Extra"]
[Source "ChessBase"]
[SourceDate "2020.05.31"]
[SourceVersion "1"]
[SourceVersionDate "2020.05.31"]
[SourceQuality "1"]
[WhiteTeam "Tlmace"]
[BlackTeam "Povazske Podhradie"]
[WhiteTeamCountry "SVK"]
[BlackTeamCountry "SVK"]

1. d4 d5 2. Nf3 Nf6 3. Bf4 c6 4. c3 g6 5. Nbd2 Bg7 6. e3 Nbd7 7. Be2 0-0 8. h3 Re8 9. Bh2 Qb6 10. Qb3 Qxb3 11. axb3 Nb6 12. b4 a6 13. 0-0 Ne4 14. Nxe4 dxe4 15. Nd2 f5 16. Rfd1 Be6 17. Ra5 Bf7 18. Rda1 Nd7 19. Nc4 Bd5 20. Kf1 Kf8 21. Ke1 Bxc4 22. Bxc4 Nb6 23. Be6 Nc8 24. Bc7 Nd6 25. c4 Bf6 26. b3 Kg7 27. g3 h5 28. Ke2 Ra7 29. Bb6 Raa8 30. Bc7 Ra7 31. Bb6 Raa8 32. Rg1 Rh8 33. g4 fxg4 34. hxg4 h4 35. g5 1-0

[Event "SVK-chT3B2 1819"]
[Site "Slovakia"]
[Date "2019.02.10"]
[Round "7.3"]
[White "Blazek, Milos"]
[Black "Mego, Peter"]
[Result "1-0"]
[WhiteElo "1963"]
[BlackElo "1726"]
[PlyCount "39"]
[EventDate "2018.10.21"]
[EventType "team-tourn"]
[EventRounds "11"]
[EventCountry "SVK"]
[SourceTitle "CBM 189 Extra"]
[Source "ChessBase"]
[SourceDate "2019.06.03"]
[SourceVersion "1"]
[SourceVersionDate "2019.06.03"]
[SourceQuality "1"]
[WhiteTeam "Trencin "]
[BlackTeam "Povazske Podhradie "]
[WhiteTeamCountry "SVK"]
[BlackTeamCountry "SVK"]

1. e4 e6 2. d4 d5 3. Nd2 Nf6 4. e5 Nfd7 5. Bd3 c5 6. c3 Nc6 7. Ne2 c4 8. Bc2 b5 9. 0-0 Ne7 10. f4 g6 11. Nf3 Nf5 12. g4 Ng7 13. f5 exf5 14. gxf5 Nb6 15. e6 Nxf5 16. Bxf5 gxf5 17. exf7+ Kxf7 18. Ne5+ Ke6 19. Nf4+ Kf6 20. Qh5 1-0

[Event "SVK-chT2B 1819"]
[Site "Slovakia"]
[Date "2019.02.03"]
[Round "7.7"]
[White "Blazek, Milos"]
[Black "Mego, Peter"]
[Result "1-0"]
[WhiteElo "1972"]
[BlackElo "1725"]
[PlyCount "91"]
[EventDate "2018.10.13"]
[EventType "team-tourn"]
[EventRounds "11"]
[EventCountry "SVK"]
[SourceTitle "CBM 189 Extra"]
[Source "ChessBase"]
[SourceDate "2019.06.03"]
[SourceVersion "1"]
[SourceVersionDate "2019.06.03"]
[SourceQuality "1"]
[WhiteTeam "Trencin"]
[BlackTeam "Povazske Podhradie"]
[WhiteTeamCountry "SVK"]
[BlackTeamCountry "SVK"]

1. e4 e6 2. d4 d5 3. Nc3 Nf6 4. Bg5 Be7 5. Bxf6 Bxf6 6. Nf3 dxe4 7. Nxe4 Nd7 8. Bd3 b6 9. Qe2 Bb7 10. 0-0-0 Qe7 11. h4 0-0-0 12. g4 g6 13. Ba6 Nb8 14. Bxb7+ Kxb7 15. Kb1 h5 16. g5 Bg7 17. Rhe1 Qb4 18. c3 Qa4 19. Ned2 Qd7 20. Nc4 Nc6 21. Nfe5 Bxe5 22. Nxe5 Nxe5 23. Qxe5 Qd5 24. Qf4 Rhf8 25. Re5 Qc4 26. Qf3+ Qc6 27. Rd3 Qxf3 28. Rxf3 c6 29. Rf6 Kc7 30. Kc2 Kd7 31. Kd3 Ke7 32. Ke4 Rd5 33. c4 Rxe5+ 34. Kxe5 Rd8 35. Rf3 Rd7 36. a4 a6 37. Rd3 b5 38. axb5 axb5 39. b3 Ra7 40. cxb5 cxb5 41. d5 exd5 42. Rxd5 Rb7 43. b4 Rb6 44. f4 f6+ 45. gxf6+ Rxf6 46. Rd7+ 1-0

[Event "SVK-chT3B2 1819"]
[Site "Slovakia"]
[Date "2018.12.09"]
[Round "4.3"]
[White "Mego, Peter"]
[Black "Sajtlava, Igor"]
[Result "1/2-1/2"]
[WhiteElo "1726"]
[BlackElo "1681"]
[PlyCount "70"]
[EventDate "2018.10.21"]
[EventType "team-tourn"]
[EventRounds "11"]
[EventCountry "SVK"]
[SourceTitle "CBM 189 Extra"]
[Source "ChessBase"]
[SourceDate "2019.06.03"]
[SourceVersion "1"]
[SourceVersionDate "2019.06.03"]
[SourceQuality "1"]
[WhiteTeam "Povazske Podhradie "]
[BlackTeam "Dubnica nad Vahom  III"]
[WhiteTeamCountry "SVK"]
[BlackTeamCountry "SVK"]

1. d4 d5 2. Nf3 Bf5 3. c3 c6 4. g3 Nf6 5. Bg2 e6 6. 0-0 Be7 7. Re1 Nbd7 8. Nbd2 Ne4 9. Nxe4 Bxe4 10. Qb3 b6 11. Ne5 Nxe5 12. dxe5 Bxg2 13. Kxg2 0-0 14. Be3 c5 15. Rad1 Qc7 16. f4 g6 17. Bf2 Rfd8 18. Kg1 Qc6 19. Qc2 Rd7 20. e4 Rad8 21. exd5 Rxd5 22. Rxd5 Qxd5 23. Be3 c4 24. Bd4 Bc5 25. Bxc5 Qxc5+ 26. Qf2 Qd5 27. Re2 Kf8 28. Qg2 Qxg2+ 29. Kxg2 Ke7 30. Kf2 b5 31. a3 Kd7 32. Ke1 Kc6 33. Rd2 Rd5 34. Ke2 Kc5 35. Ke3 a5 1/2-1/2

[Event "SVK-chT3B2 1819"]
[Site "Slovakia"]
[Date "2018.11.25"]
[Round "3.3"]
[White "Adamik, Jan"]
[Black "Mego, Peter"]
[Result "1/2-1/2"]
[WhiteElo "1752"]
[BlackElo "1726"]
[PlyCount "42"]
[EventDate "2018.10.21"]
[EventType "team-tourn"]
[EventRounds "11"]
[EventCountry "SVK"]
[SourceTitle "CBM 189 Extra"]
[Source "ChessBase"]
[SourceDate "2019.06.03"]
[SourceVersion "1"]
[SourceVersionDate "2019.06.03"]
[SourceQuality "1"]
[WhiteTeam "Lehota pod Vtacnikom"]
[BlackTeam "Povazske Podhradie "]
[WhiteTeamCountry "SVK"]
[BlackTeamCountry "SVK"]

1. e4 e6 2. d4 d5 3. exd5 exd5 4. Nf3 Nf6 5. Bd3 Be7 6. 0-0 0-0 7. Bf4 Bg4 8. Nbd2 c6 9. c3 Bd6 10. Bxd6 Qxd6 11. Qb3 Qc7 12. Rfe1 Nbd7 13. Re3 Bxf3 14. Nxf3 Rfe8 15. Rae1 Rxe3 16. Rxe3 Re8 17. Rxe8+ Nxe8 18. Qc2 h6 19. Bh7+ Kf8 20. Bd3 Nef6 21. Qe2 Qf4 1/2-1/2

[Event "SVK-chT3B2 1718"]
[Site "Slovakia"]
[Date "2018.01.07"]
[Round "7.6"]
[White "Mego, Peter"]
[Black "Cesnek, Peter"]
[Result "0-1"]
[WhiteElo "1702"]
[BlackElo "1674"]
[PlyCount "58"]
[EventDate "2017.10.08"]
[EventType "team-tourn"]
[EventRounds "11"]
[EventCountry "SVK"]
[SourceTitle "EXT 2019"]
[Source "ChessBase"]
[SourceDate "2018.10.10"]
[SourceVersion "1"]
[SourceVersionDate "2018.10.10"]
[SourceQuality "1"]
[WhiteTeam "Povazske Podhradie II"]
[BlackTeam "Povazska Bystrica Sparta II"]
[WhiteTeamCountry "SVK"]
[BlackTeamCountry "SVK"]

1. d4 c6 2. Nf3 d5 3. c3 Bf5 4. g3 e6 5. Bg2 h6 6. Nbd2 Nd7 7. 0-0 Bd6 8. Re1 Ngf6 9. Nb3 Qc7 10. Nfd2 0-0-0 11. e4 dxe4 12. Nxe4 Nxe4 13. Bxe4 Bxe4 14. Rxe4 Nf6 15. Re1 h5 16. Bg5 Rde8 17. Bxf6 gxf6 18. Qf3 f5 19. Nd2 h4 20. Nc4 Reg8 21. Nxd6+ Qxd6 22. Kf1 hxg3 23. hxg3 Rg4 24. Ke2 Rh2 25. Rh1 Rxg3 26. Rxh2 Rxf3 27. Rh8+ Kd7 28. Kxf3 Qd5+ 29. Ke2 Qb5+ 0-1

[Event "SVK-chT2B 1718"]
[Site "Slovakia"]
[Date "2017.10.28"]
[Round "1.8"]
[White "Mego, Peter"]
[Black "Geleta, Andrej"]
[Result "0-1"]
[WhiteElo "1713"]
[BlackElo "1750"]
[PlyCount "116"]
[EventDate "2017.10.28"]
[EventType "team-tourn"]
[EventRounds "11"]
[EventCountry "SVK"]
[SourceTitle "CBM 181 Extra"]
[Source "ChessBase"]
[SourceDate "2017.12.12"]
[SourceVersion "1"]
[SourceVersionDate "2017.12.12"]
[SourceQuality "1"]
[WhiteTeam "Povazske Podhradie"]
[BlackTeam "Tlmace"]
[WhiteTeamCountry "SVK"]
[BlackTeamCountry "SVK"]

1. d4 d5 2. Nf3 Nf6 3. g3 Bf5 4. Bg2 e6 5. c3 Be7 6. Nbd2 Nbd7 7. 0-0 h6 8. Re1 0-0 9. Nb3 Ne4 10. Nfd2 c5 11. Nxe4 Bxe4 12. e3 Bxg2 13. Kxg2 Rc8 14. Kg1 Bd6 15. e4 c4 16. Nd2 Re8 17. e5 Bf8 18. Nf1 b5 19. a3 a5 20. Qg4 Kh8 21. f4 b4 22. axb4 axb4 23. Bd2 b3 24. Ra7 Ra8 25. Rea1 Rxa7 26. Rxa7 Re7 27. Qd1 Nb6 28. Qa1 Rxa7 29. Qxa7 Kg8 30. Ne3 Nc8 31. Qa6 Ne7 32. Kg2 g6 33. h4 Kg7 34. Bc1 Ng8 35. Bd2 Be7 36. Nf1 g5 37. h5 gxf4 38. Bxf4 Bg5 39. Kf3 Bxf4 40. gxf4 Qh4 41. Ng3 Ne7 42. Qa1 Qh2 43. Qc1 Nf5 44. Nxf5+ exf5 45. Ke3 Qg3+ 46. Ke2 Qd3+ 47. Ke1 Qe4+ 48. Kd1 Qf3+ 49. Ke1 Qxh5 50. Kf2 Qh2+ 51. Kf3 Kg6 52. Qa1 Kh5 53. Qb1 Qh3+ 54. Kf2 Kg4 55. Qd1+ Kxf4 56. Qd2+ Kg4 57. Qe2+ Kg5 58. Ke1 f4 0-1

[Event "SVK-chT2B 1617"]
[Site "Slovakia"]
[Date "2016.10.09"]
[Round "2.7"]
[White "Mego, Peter"]
[Black "Voros, Gellert"]
[Result "0-1"]
[WhiteElo "1737"]
[BlackElo "2122"]
[PlyCount "48"]
[EventDate "2016.10.08"]
[EventType "team-tourn"]
[EventRounds "11"]
[EventCountry "SVK"]
[SourceTitle "CBM 175 Extra"]
[Source "ChessBase"]
[SourceDate "2016.12.12"]
[SourceVersion "1"]
[SourceVersionDate "2016.12.12"]
[SourceQuality "1"]
[WhiteTeam "Povazske Podhradie"]
[BlackTeam "Komarno"]
[WhiteTeamCountry "SVK"]
[BlackTeamCountry "SVK"]

1. d4 d5 2. Nf3 Nf6 3. g3 c5 4. c3 Nc6 5. Bg2 e6 6. 0-0 Bd6 7. Nbd2 0-0 8. e3 b6 9. Re1 Bb7 10. Nb3 a5 11. a3 Ne4 12. Qc2 Rc8 13. Nbd2 f5 14. Rf1 Qc7 15. Ne1 cxd4 16. cxd4 Ba6 17. Nd3 Nxd4 18. Qxc7 Ne2+ 19. Kh1 Rxc7 20. Nxe4 fxe4 21. Nf4 Nxf4 22. gxf4 Bxf1 23. Bxf1 e5 24. Rb1 Rc2 0-1

[Event "SVK-chT3B2 1516"]
[Site "Slovakia"]
[Date "2016.01.10"]
[Round "5.6"]
[White "Rucek, Kristian"]
[Black "Mego, Peter"]
[Result "0-1"]
[WhiteElo "1618"]
[BlackElo "1753"]
[PlyCount "130"]
[EventDate "2015.10.11"]
[EventType "team-tourn"]
[EventRounds "11"]
[EventCountry "SVK"]
[SourceTitle "CBM 170 Extra"]
[Source "ChessBase"]
[SourceDate "2016.02.25"]
[SourceVersion "1"]
[SourceVersionDate "2016.02.25"]
[SourceQuality "1"]
[WhiteTeam "Belusa"]
[BlackTeam "Povazske Podhradie"]
[WhiteTeamCountry "SVK"]
[BlackTeamCountry "SVK"]

1. e4 e6 2. d4 d5 3. e5 c5 4. Nf3 Nc6 5. b3 cxd4 6. Nxd4 Nxd4 7. Qxd4 Qc7 8. Bb5+ Bd7 9. Bxd7+ Qxd7 10. Bb2 Qc6 11. Nc3 Bc5 12. Qg4 Bf8 13. 0-0 Ne7 14. Qa4 Qxa4 15. Nxa4 Nc6 16. Rfe1 Rc8 17. a3 Be7 18. Rad1 0-0 19. Nc3 Rfd8 20. b4 a6 21. g3 Nb8 22. Rc1 Nd7 23. Ne2 Nb6 24. Nd4 Nc4 25. Rb1 b5 26. Bc1 Rd7 27. Rb3 Bd8 28. c3 Bb6 29. Be3 Rdc7 30. Rc1 Nxe3 31. fxe3 Rc4 32. Kf2 Bxd4 33. exd4 Rxd4 34. cxd4 Rxc1 35. h4 f6 36. Rf3 Rc2+ 37. Ke1 fxe5 38. dxe5 Rc4 39. Kd2 Re4 40. Re3 Rxe3 41. Kxe3 Kf7 42. Kd4 Kg6 43. g4 h5 44. gxh5+ Kxh5 45. Kc5 Kxh4 46. Kd6 d4 47. Kxe6 d3 48. Kf7 d2 49. e6 d1Q 50. e7 Qe1 51. e8Q Qxe8+ 52. Kxe8 g5 53. Kd7 g4 54. Kc6 g3 55. Kb6 g2 56. Kxa6 g1Q 57. Kxb5 Qf1+ 58. Kc6 Qa6+ 59. Kc5 Qxa3 60. Kc4 Qa6+ 61. b5 Qb6 62. Kb4 Kg4 63. Ka4 Kf4 64. Kb4 Ke4 65. Kc4 Ke3 0-1

[Event "SVK-chT3B2 1415"]
[Site "Slovakia"]
[Date "2015.04.26"]
[Round "8.3"]
[White "Mego, Peter"]
[Black "Jakubec, Milan"]
[Result "0-1"]
[WhiteElo "1783"]
[BlackElo "2102"]
[PlyCount "112"]
[EventDate "2014.10.05"]
[EventType "team-tourn"]
[EventRounds "14"]
[EventCountry "SVK"]
[SourceTitle "EXT 2019"]
[Source "ChessBase"]
[SourceDate "2018.10.10"]
[SourceVersion "1"]
[SourceVersionDate "2018.10.10"]
[SourceQuality "1"]

1. d4 d5 2. Nf3 Nf6 3. g3 e6 4. Bg2 Bd6 5. c3 0-0 6. 0-0 c5 7. Nbd2 Nc6 8. e3 c4 9. Re1 e5 10. dxe5 Bxe5 11. Nd4 Nxd4 12. exd4 Bd6 13. Nf1 h6 14. Qc2 Bd7 15. Bd2 Bc6 16. Ne3 Re8 17. Nf5 Bf8 18. Rxe8 Qxe8 19. Re1 Qd7 20. Bh3 Qd8 21. Bg2 Qa5 22. a3 Re8 23. Rxe8 Bxe8 24. Qc1 Qb6 25. Nh4 Qe6 26. Qe1 Ne4 27. Bxe4 dxe4 28. f4 f5 29. Ng2 b5 30. Be3 a5 31. Bd2 Bc6 32. Ne3 Be7 33. Qd1 g6 34. Qe2 Kg7 35. Qf1 Bd5 36. Nxd5 Qxd5 37. Qe2 b4 38. axb4 axb4 39. Qf1 bxc3 40. bxc3 Qb5 41. Kf2 Qb3 42. Qe1 Qc2 43. Qe2 Kf6 44. Be1 Qd3 45. Qxd3 exd3 46. Ke3 Ke6 47. h4 Ba3 48. Bd2 Kd5 49. Kf3 h5 50. Ke3 Kc6 51. Kf2 Kb5 52. Be3 Bb2 53. Bd2 Ka4 54. d5 Ba3 55. Be3 Kb3 56. Bd2 Kc2 0-1

[Event "SVK-chT3B2 1314"]
[Site "Slovakia"]
[Date "2013.10.27"]
[Round "2.3"]
[White "Malinovsky, Jozef"]
[Black "Mego, Peter"]
[Result "0-1"]
[WhiteElo "1834"]
[BlackElo "1770"]
[PlyCount "70"]
[EventDate "2013.10.13"]
[EventType "team-tourn"]
[EventRounds "14"]
[EventCountry "SVK"]
[SourceTitle "EXT 2015"]
[Source "ChessBase"]
[SourceDate "2014.11.20"]
[SourceVersion "1"]
[SourceVersionDate "2014.11.20"]
[SourceQuality "1"]
[WhiteTeam "Povazska Bystrica SK Sparta II"]
[BlackTeam "Povazske Podhradie SK"]
[WhiteTeamCountry "SVK"]
[BlackTeamCountry "SVK"]

1. d4 d5 2. Nf3 Nf6 3. e3 Bf5 4. Nbd2 c6 5. Be2 Nbd7 6. 0-0 Ne4 7. c4 e6 8. Ne1 Nxd2 9. Bxd2 Be7 10. cxd5 exd5 11. Bc3 0-0 12. Nd3 Bd6 13. Bf3 Qc7 14. g3 Nf6 15. Bg2 Rfe8 16. Re1 Ne4 17. Bb4 Bxb4 18. Nxb4 Nd6 19. Rc1 Qb6 20. Qb3 a5 21. Nc2 Qxb3 22. axb3 Bxc2 23. Rxc2 a4 24. b4 Ra6 25. Bf1 Rb6 26. b5 Nxb5 27. Rc5 Nxd4 28. Ra1 Nb3 29. Rxc6 bxc6 30. Rxa4 Reb8 31. Ra7 Nd2 32. Bh3 Rxb2 33. Rc7 Nf3+ 34. Kg2 Ne5 35. Re7 Nd3 0-1

[Event "SVK-chT3B2 1213"]
[Site "Slovakia"]
[Date "2012.11.25"]
[Round "3.4"]
[White "Mikus, Teodor"]
[Black "Mego, Peter"]
[Result "1-0"]
[WhiteElo "1928"]
[BlackElo "1773"]
[PlyCount "67"]
[EventDate "2012.10.28"]
[EventType "team-tourn"]
[EventRounds "14"]
[EventCountry "SVK"]
[SourceTitle "EXT 2022"]
[Source "ChessBase"]
[SourceDate "2021.10.06"]
[SourceVersion "1"]
[SourceVersionDate "2021.10.06"]
[SourceQuality "1"]
[WhiteTeam "Prievidza SK III"]
[BlackTeam "Podhradie Povazske"]
[WhiteTeamCountry "SVK"]
[BlackTeamCountry "SVK"]

1. e4 e6 2. d4 d5 3. e5 c5 4. c3 Nc6 5. Nf3 cxd4 6. cxd4 Bb4+ 7. Nc3 Nge7 8. Bd3 Nf5 9. a3 Ba5 10. Bb1 a6 11. 0-0 Bb6 12. Bg5 Nfe7 13. h3 h6 14. Be3 Ng6 15. Ne2 Nce7 16. Qd2 Bd7 17. a4 Rc8 18. Nh2 Nf5 19. Ng3 Nxe3 20. fxe3 0-0 21. Nh5 Qg5 22. Nf4 Nxf4 23. Rxf4 f5 24. exf6 Rxf6 25. Nf3 Qh5 26. Rh4 Qf7 27. Ne5 Rf1+ 28. Kh2 Bc7 29. Qd3 Bxe5+ 30. dxe5 Rf5 31. b3 Qe7 32. Rg4 g5 33. Qd4 Rf1 34. Bh7+ 1-0